| 000 | 00608nam a22001697a 4500 | ||
|---|---|---|---|
| 003 | MACL | ||
| 005 | 20160804144538.0 | ||
| 008 | 160804b xxu||||| |||| 00| 0 eng d | ||
| 040 | _cMACL | ||
| 041 | _aHindi | ||
| 082 | _a891.433 BHA | ||
| 100 |
_aभडभडे, शुभांगी _959009 |
||
| 245 |
_aविवेकानंद तुम लौट आओ _cशुभांगी भडभडे |
||
| 260 |
_aनई दिल्ली _bप्रतिभा प्रतिष्ठान |
||
| 650 |
_aआध्यत्मिक उपन्यास _966202 |
||
| 942 |
_2ddc _cHIN |
||
| 999 |
_c55504 _d55504 |
||